Countries that Start with N - Alphabetical Order - Statistics

General Stats
  • This quiz has been taken 31 times
  • The average score is 10 of 11
Answer Stats
Country % Correct
Namibia
100%
Nauru
100%
Netherlands
100%
New Zealand
95%
Nicaragua
95%
North Korea
90%
North Macedonia
90%
Norway
90%
Nepal
85%
Niger
85%
Nigeria
85%
No matching quizzes found
Score Distribution
Percent of People with Each Score
Percentile by Number Answered
Your Score History
You have not taken this quiz